| 000 | 01033nab a2200253 i 4500 | ||
|---|---|---|---|
| 001 | 768714001 | ||
| 003 | CO-MdFUSB | ||
| 005 | 20240717122437.0 | ||
| 008 | 240717t2000 -us||||| |||| 00| 0 eng d | ||
| 040 |
_bspa _cCO-MdFUSB _dCO-MdFUSB |
||
| 041 | _aeng | ||
| 100 |
_aFord, Paul, _eautor |
||
| 245 | 1 |
_aFrom my vision to our vision : _bfinding your church's calling in the people you already have _c/ Paul Ford |
|
| 520 | _aEste artículo enseña como encontrar el llamado de su iglesia en las personas que ya tiene, mediante una experiencia. La visión puede ser un proceso grupal, especialmente para aquellos que valoran ministerio en equipo. | ||
| 546 | _aTexto en inglés. | ||
| 650 | 7 |
_aReligión _9385 |
|
| 650 | 7 |
_aDios _9178 |
|
| 650 | 7 |
_aIglesia _9655 |
|
| 650 | 0 |
_aVida cristiana _919 |
|
| 650 | 0 |
_aEvangelización _9362 |
|
| 773 | 0 |
_068780 _982826 _oR2678 _tLeadership : _w(CO-MdFUSB)768714001 _gSummer, (2000), páginas: 34 - 38 _qpágina: 34 |
|
| 942 | _cANA | ||
| 945 | _aCatherine Arias Álvarez - Practicante SENA | ||
| 999 |
_c70504 _d70504 |
||